Обработка данных межлабораторных сличений методом агрегирования предпочтений; Измерительная техника; № 12
| Parent link: | Измерительная техника: научно-технический журнал.— , 1939- № 12.— 2015.— [С. 3-7] |
|---|---|
| Main Author: | |
| Corporate Author: | |
| Other Authors: | |
| Summary: | Заглавие с экрана Исследованы работоспособность и эффективность метода агрегирования предпочтений на множествах сгенерированных нормально и равномерно распределенных случайных данных межлабораторных сличений в сравнении с традиционными подходами. The operational capability and efficiency of the preference aggregation method over sets of generated normally and uniformly distributed random data of interlaboratory comparisons versus traditional approaches are investigated. Режим доступа: по договору с организацией-держателем ресурса |
| Language: | Russian |
| Published: |
2015
|
| Subjects: | |
| Online Access: | http://elibrary.ru/item.asp?id=25866256 |
| Format: | Electronic Book Chapter |
| KOHA link: | https://koha.lib.tpu.ru/cgi-bin/koha/opac-detail.pl?biblionumber=648500 |
MARC
| LEADER | 00000naa0a2200000 4500 | ||
|---|---|---|---|
| 001 | 648500 | ||
| 005 | 20250221134114.0 | ||
| 035 | |a (RuTPU)RU\TPU\network\13659 | ||
| 090 | |a 648500 | ||
| 100 | |a 20160523d2015 k||y0rusy50 ca | ||
| 101 | 0 | |a rus | |
| 102 | |a RU | ||
| 135 | |a drcn ---uucaa | ||
| 181 | 0 | |a i | |
| 182 | 0 | |a b | |
| 200 | 1 | |a Обработка данных межлабораторных сличений методом агрегирования предпочтений |f С. В. Муравьев, И. А. Маринушкина | |
| 203 | |a Текст |c электронный | ||
| 300 | |a Заглавие с экрана | ||
| 320 | |a [Библиогр.: с. 7 (18 назв.)] | ||
| 330 | |a Исследованы работоспособность и эффективность метода агрегирования предпочтений на множествах сгенерированных нормально и равномерно распределенных случайных данных межлабораторных сличений в сравнении с традиционными подходами. | ||
| 330 | |a The operational capability and efficiency of the preference aggregation method over sets of generated normally and uniformly distributed random data of interlaboratory comparisons versus traditional approaches are investigated. | ||
| 333 | |a Режим доступа: по договору с организацией-держателем ресурса | ||
| 461 | |t Измерительная техника |o научно-технический журнал |d 1939- | ||
| 463 | |t № 12 |v [С. 3-7] |d 2015 | ||
| 610 | 1 | |a электронный ресурс | |
| 610 | 1 | |a труды учёных ТПУ | |
| 610 | 1 | |a межлабораторные сличения | |
| 610 | 1 | |a опорное значение | |
| 610 | 1 | |a агрегирование | |
| 610 | 1 | |a предпочтения | |
| 700 | 1 | |a Муравьев |b С. В. |c специалист в области контрольно-измерительной техники |c профессор Томского политехнического университета, доктор технических наук |f 1954- |g Сергей Васильевич |3 (RuTPU)RU\TPU\pers\27989 |9 12979 | |
| 701 | 1 | |a Маринушкина |b И. А. |c специалист в области контрольно-измерительной техники |c ассистент Томского политехнического университета |f 1986- |g Ирина Александровна |3 (RuTPU)RU\TPU\pers\29890 |9 14362 | |
| 712 | 0 | 2 | |a Национальный исследовательский Томский политехнический университет |b Институт кибернетики |b Кафедра компьютерных измерительных систем и метрологии |3 (RuTPU)RU\TPU\col\18706 |9 27159 |
| 801 | 2 | |a RU |b 63413507 |c 20160523 |g RCR | |
| 856 | 4 | |u http://elibrary.ru/item.asp?id=25866256 | |
| 942 | |c CF | ||